|
|
|
|
| LEADER |
00000nab#a22000007a#4500 |
| 001 |
arbauad020364 |
| 003 |
AR-BaUAD |
| 005 |
20250711111758.0 |
| 008 |
960717|||||||||###||||||b###|0###a|spa|| |
| 040 |
|
|
|a AR-BaUAD
|c AR-BaUAD
|b spa
|
| 245 |
1 |
0 |
|a Estudio de interiorismo en Bellaterra, Barcelona
|
| 300 |
0 |
|
|b fot.
|
| 653 |
|
|
|a LAGO, LOLA
|
| 653 |
|
|
|a DISEÑO DE INTERIORES
|
| 653 |
|
|
|a OFICINAS
|
| 653 |
|
|
|a BARCELONA
|
| 653 |
|
|
|a ESPAÑA
|
| 773 |
0 |
|
|t ON DISEÑO
|g no. 172 [1996], p. 156-159
|
| 942 |
|
|
|c ARTI
|
| 952 |
|
|
|0 0
|1 0
|4 0
|7 0
|9 65283
|a AR-BAuAD
|b AR-BAuAD
|d 2025-07-11
|l 0
|p AAQA020364
|r 2025-07-11 11:17:58
|w 2025-07-11
|y ARTI
|
| 990 |
|
|
|a AQ199
|b TD
|
| 998 |
|
|
|a AAQ
|b BIBUN76
|
| 999 |
|
|
|c 44956
|d 44956
|